| 000 | 00705nam a2200229 a 4500 | ||
|---|---|---|---|
| 005 | 20210219152937.0 | ||
| 008 | 991125n 000 0 u | ||
| 035 | _aUPN01000068101 | ||
| 100 | 1 | _aWrigth, Cecile Y. | |
| 222 | 0 | _aBRITISH EDUCATIONAL RESEARCH JOURNAL | |
| 245 | 0 | 0 | _aComments in replay to the article by P. Foster, 'cases not proven : an evaluation of two studies of teacher racism' |
| 260 | _aInglaterra | ||
| 300 | _a351-356 | ||
| 362 | 0 | _a1990 Vol. 16. no. 4 | |
| 653 | 0 | _aACTITUD DOCENTE | |
| 653 | 0 | _aACTITUDES DEL ESTUDIANTE | |
| 653 | 0 | _aCURRICULUM OCULTO | |
| 653 | 0 | _aORGANIZACION EDUCATIVA | |
| 653 | 0 | _aPREJUICIO RACIAL | |
| 904 |
_aAC _b005912 |
||
| 905 | _aArticulo | ||
| 999 |
_c64346 _d64346 |
||